000 00963cam a2200241 a 4500
001 3996076
005 20180202035151.0
008 960103s1996 dcua b 001 0 eng
010 _a 96000840
020 _a1559633719 (pbk. : acidfree paper)
020 _a1559633719 (pbk.)
040 _aDLC
_cDLC
_dDLC
041 _aeng
080 _a333.91816 lin
082 0 0 _a333.91816 lin
_220
100 _a9
101 _amje
245 0 0 _aMitigation banking :
_cedited by Lindell L. Marsh, Douglas R. Porter, and David A. Salvesen, in cooperation with the Urban Land Institute ; foreword by John DeGrove.
504 _aIncludes bibliographical references (p. 279-283) and index.
906 _a7
_bcbc
_corignew
_d1
_eocip
_f19
_gy-gencatlg
942 _2ddc
_cBK
999 _c41576
_d41576